| 000 | 00615nam a2200193Ia 4500 | ||
|---|---|---|---|
| 003 | GCL | ||
| 008 | 140319s9999 xx 000 0 ara d | ||
| 040 |
_aGCL / _cGCL |
||
| 082 | 0 | 4 |
_a400.3 _bخ م |
| 100 | 1 | _aخليل احمد خليل | |
| 245 | 1 | 0 |
_aمعجم الرموز عربى - فرنسى - انكليزى / _cخليل احمد خليل |
| 300 | _a245 ص | ||
| 490 |
_aسلسلة المعجم العلمية _v0 |
||
| 650 | 0 | 4 | _aالمعاجم |
| 650 | 0 | 4 | _aالعلامات والرموز |
| 650 | 0 | 4 | _aالرموز - معاجم |
| 650 | 0 | 4 | _aالرموز اللغوية - معاجم |
| 942 |
_2ddc _cBK |
||
| 999 |
_c51982 _d51982 |
||